000 00632cam a22002053a 4500
001 43027
003 PGUSA
005 20140828083958.0
008 130624s2013||||xxu|||||s|||||000 | eng d
040 _aPGUSA
_beng
042 _adc
100 1 _aJohnson, J. C. F.
_q(Joseph Colin Frances),
_d1848-
245 1 0 _aGetting Gold :
_bA Gold-Mining Handbook for Practical Men
_h[electronic resource] /
_cJ. C. F. Johnson
260 _bProject Gutenberg,
_c2013
506 _aPublic domain in the USA.
516 _aElectronic text
830 0 _aProject Gutenberg
_v43027
856 4 0 _uhttp://www.gutenberg.org/ebooks/43027
942 _cEB
999 _c272278
_d272278